| 000 | 00697cam a22002533a 4500 | ||
|---|---|---|---|
| 001 | 30610 | ||
| 003 | PGUSA | ||
| 005 | 20140828083649.0 | ||
| 008 | 091206s2009||||xxu|||||s|||||000 | eng d | ||
| 040 |
_aPGUSA _beng |
||
| 042 | _adc | ||
| 050 | 4 | _aHM | |
| 100 | 1 |
_aBlackmar, Frank W. _q(Frank Wilson), _d1854-1931 |
|
| 245 | 1 | 0 |
_aHistory of Human Society _h[electronic resource] / _cFrank W. Blackmar |
| 260 |
_bProject Gutenberg, _c2009 |
||
| 506 | _aPublic domain in the USA. | ||
| 516 | _aElectronic text | ||
| 653 | _aSociology | ||
| 653 | _aProgress | ||
| 653 | _aCivilization | ||
| 830 | 0 |
_aProject Gutenberg _v30610 |
|
| 856 | 4 | 0 | _uhttp://www.gutenberg.org/ebooks/30610 |
| 942 | _cEB | ||
| 999 |
_c259865 _d259865 |
||